LEADER 02781cam a2200805 a 4500
001 nkc20132466655
003 CZ PrNK
005 20140410130103.0
007 ta
008 130503s2013 xr a e 000 0dcze d
015 |a cnb002466655 
020 |a 978-80-87580-42-4  |q (brož.) 
035 |a (OCoLC)872337110 
040 |a CBA001  |b cze  |d BOA001 
043 |a e-xr--- 
045 |a x-y- 
072 7 |a 77  |x Fotografie. Fotografické postupy  |2 Konspekt  |9 21 
080 |a 77.065  |2 MRF 
080 |a 77.04  |2 MRF 
080 |a 552  |2 MRF 
080 |a 725/728-032.5  |2 MRF 
080 |a 725.94  |2 MRF 
080 |a 730.027.1-032.5  |2 MRF 
080 |a 2-526:552  |2 MRF 
080 |a 903.6  |2 MRF 
080 |a 2-522  |2 MRF 
080 |a 908:133  |2 MRF 
080 |a 7.04  |2 MRF 
080 |a (437.3)  |2 MRF 
080 |a (084.12)  |2 MRF 
080 |a (0:82-9)  |2 MRF 
100 1 |a Rysová, Hana,  |d 1945-  |7 jn20000728580  |4 pht 
245 1 0 |a Svět kamenů /  |c [fotografie] Hana Rysová ; [texty] Václav Vokolek 
250 |a Vyd. 1. 
260 |a Praha :  |b Malvern,  |c 2013 
300 |a 152 s. :  |b il. ;  |c 20 cm 
600 1 7 |a Rysová, Hana,  |d 1945-  |7 jn20000728580  |2 czenas 
648 7 |a 20.-21. století  |7 ch462155  |2 czenas 
650 0 7 |a černobílá fotografie  |7 ph166376  |z Česko  |y 20.-21. stol.  |2 czenas 
650 0 7 |a umělecká fotografie  |7 ph126879  |z Česko  |y 20.-21. stol.  |2 czenas 
650 0 7 |a kámen  |7 ph139036  |2 czenas 
650 0 7 |a kamenné stavby  |7 ph121406  |2 czenas 
650 0 7 |a kamenné kříže  |7 ph121405  |2 czenas 
650 0 7 |a kamenné sochy  |7 ph730775  |2 czenas 
650 0 7 |a posvátné kameny  |7 ph355374  |2 czenas 
650 0 7 |a megalitické památky  |7 ph122742  |2 czenas 
650 0 7 |a posvátná místa  |7 ph115829  |2 czenas 
650 0 7 |a magická místa  |7 ph165768  |2 czenas 
650 0 7 |a náměty, témata a motivy  |7 ph138485  |2 czenas 
650 0 9 |a black-and-white photography  |z Czechia  |y 20th-21st centuries  |2 eczenas 
650 0 9 |a artistic photography  |z Czechia  |y 20th-21st centuries  |2 eczenas 
650 0 9 |a stone  |2 eczenas 
650 0 9 |a stone buildings  |2 eczenas 
650 0 9 |a stone statues  |2 eczenas 
650 0 9 |a stone crosses  |2 eczenas 
650 0 9 |a sacred stones  |2 eczenas 
650 0 9 |a megalithic monuments  |2 eczenas 
650 0 9 |a holy places  |2 eczenas 
650 0 9 |a magic space  |2 eczenas 
650 0 9 |a themes and motives  |2 eczenas 
655 7 |a fotografické publikace  |7 fd132276  |2 czenas 
655 7 |a texty  |7 fd133699  |2 czenas 
655 9 |a photographical works  |2 eczenas 
655 9 |a texts  |2 eczenas 
700 1 |a Vokolek, Václav,  |d 1947-  |7 jn19981002344  |4 aut 
910 2 |a BOA001  |b 2-1305.972 
990 |a BK 
995 |a 01 
991 |b 201307  |c NOV  |e n 
996 6 |b 2610554065  |c 2-1305.972  |l MZK  |r Sklad / do 1 hodiny  |n 3  |p p.v.  |w 001340207  |u 000010  |a 1  |e BOA001  |j MZK50  |s P